[Event "UK Blitz Championship"]
[Site "Leamington"]
[Date "2025.11.22"]
[Round "15.3"]
[White "Gasanov, Eldar"]
[Black "Kozusek, Daniel"]
[Result "1-0"]
[WhiteElo "2425"]
[BlackElo "2316"]
[PlyCount "118"]
[EventDate "2025.11.22"]
[EventType "tourn (blitz)"]
[EventRounds "15"]
[EventCountry "GBR"]
[SourceTitle "BritBase"]
[Source "John Saunders"]
[SourceDate "2025.11.23"]
[SourceVersion "1"]
[SourceVersionDate "2025.11.23"]
[SourceQuality "1"]

1. d4 d5 2. Nf3 Nf6 3. c4 e6 4. Qc2 dxc4 5. Qxc4 a6 6. Bf4 Bd6 7. Bg3 b5 8. Qc2 Bb7 9. Nbd2 Nc6 10. e3 Nb4 11. Qc1 O-O 12. a3 Nc6 13. Nb3 Ne4 14. Bd3 Ne7 15. Qc2 f5 16. Rc1 Rc8 17. O-O Bd5 18. Nc5 Nxc5 19. dxc5 Bxg3 20. hxg3 Nc6 21. e4 fxe4 22. Bxe4 h6 23. Rcd1 Ne7 24. Bh7+ Kh8 25. Ne5 Qe8 26. Bg6 Qd8 27. Nf7+ Rxf7 28. Bxf7 Qf8 29. Bh5 Qf6 30. Rfe1 Nf5 31. Bg4 Rf8 32. Bxf5 Qxf5 33. Qxf5 Rxf5 34. f3 Bc4 35. b4 Bd5 36. g4 Rf4 37. Kf2 Rc4 38. Rd2 Rc3 39. Re3 Rc1 40. Kg3 Kg8 41. Kf4 Kf7 42. Ke5 Ke7 43. f4 Rf1 44. f5 h5 45. fxe6 c6 46. gxh5 Bxe6 47. Rd6 Bd5 48. Rg3 Re1+ 49. Kd4 Re4+ 50. Kd3 Kf7 51. Rd7+ Ke6 52. Rgxg7 Rc4 53. Rd6+ Kf5 54. h6 Be4+ 55. Ke3 Rc3+ 56. Kf2 Kf4 57. Rf7+ Kg5 58. h7 Rc2+ 59. Ke3 Re2+ 1-0

[Event "UK Blitz Championship"]
[Site "Leamington"]
[Date "2025.11.22"]
[Round "15.4"]
[White "Maroroa Jones, Gawain C B"]
[Black "Badacsonyi, Stanley"]
[Result "1-0"]
[WhiteElo "2663"]
[BlackElo "2447"]
[PlyCount "67"]
[EventDate "2025.11.22"]
[EventType "tourn (blitz)"]
[EventRounds "15"]
[EventCountry "GBR"]
[SourceTitle "BritBase"]
[Source "John Saunders"]
[SourceDate "2025.11.23"]
[SourceVersion "1"]
[SourceVersionDate "2025.11.23"]
[SourceQuality "1"]

1. Nf3 Nf6 2. g3 g6 3. Bg2 Bg7 4. O-O O-O 5. d3 d6 6. c4 c5 7. Nc3 Nc6 8. Rb1 a6 9. a3 Rb8 10. b4 cxb4 11. axb4 b5 12. cxb5 axb5 13. Bg5 d5 14. Qd2 Bg4 15. Rfc1 Qd7 16. Bf4 Bxf3 17. Bxf3 Rb7 18. d4 e6 19. Qd3 Ra8 20. Nxb5 Bf8 21. Nc7 Ra4 22. b5 Nxd4 23. Be5 Nxf3+ 24. exf3 Nh5 25. b6 Bd6 26. Bxd6 Qxd6 27. Qb5 Rc4 28. Rxc4 dxc4 29. Qe8+ Kg7 30. Qc8 Qd3 31. Nxe6+ Kf6 32. Re1 Rxb6 33. Qh8+ Kf5 34. Re5# 1-0

[Event "UK Blitz Championship"]
[Site "Leamington"]
[Date "2025.11.22"]
[Round "15.5"]
[White "Collins, Adam"]
[Black "Siva, Mahadevan"]
[Result "0-1"]
[WhiteElo "2271"]
[BlackElo "2365"]
[PlyCount "82"]
[EventDate "2025.11.22"]
[EventType "tourn (blitz)"]
[EventRounds "15"]
[EventCountry "GBR"]
[SourceTitle "BritBase"]
[Source "John Saunders"]
[SourceDate "2025.11.23"]
[SourceVersion "1"]
[SourceVersionDate "2025.11.23"]
[SourceQuality "1"]

1. e4 c5 2. Nf3 d6 3. d4 cxd4 4. Nxd4 Nf6 5. Nc3 Nc6 6. Bg5 e6 7. Qd2 Be7 8. O-O-O a6 9. Kb1 O-O 10. f3 Nxd4 11. Qxd4 b5 12. h4 Bb7 13. g4 Rc8 14. Be3 Nd7 15. Qd2 Ne5 16. Be2 Nc4 17. Bxc4 Rxc4 18. h5 Qc7 19. g5 Rc8 20. Rc1 d5 21. exd5 Bb4 22. g6 Rxc3 23. gxf7+ Qxf7 24. bxc3 Bxc3 25. Qd3 Bxd5 26. Bd4 b4 27. h6 Bxa2+ 28. Kxa2 e5+ 29. Kb1 Bxd4 30. hxg7 Qxg7 31. Rh4 Kh8 32. Rch1 Rc7 33. Rg4 Qd7 34. Rh5 Qa4 35. Kc1 Qa1+ 36. Kd2 Bc3+ 37. Ke3 Qe1+ 38. Qe2 Bd4+ 39. Kd3 Rc3+ 40. Ke4 Qxe2+ 41. Kf5 Qxf3+ 0-1

[Event "UK Blitz Championship"]
[Site "Leamington"]
[Date "2025.11.22"]
[Round "15.6"]
[White "Vijayakumar, Rishi"]
[Black "Bazakutsa, Svyatoslav"]
[Result "1-0"]
[WhiteElo "2399"]
[BlackElo "2404"]
[PlyCount "115"]
[EventDate "2025.11.22"]
[EventType "tourn (blitz)"]
[EventRounds "15"]
[EventCountry "GBR"]
[SourceTitle "BritBase"]
[Source "John Saunders"]
[SourceDate "2025.11.23"]
[SourceVersion "1"]
[SourceVersionDate "2025.11.23"]
[SourceQuality "1"]

1. d4 d6 2. e4 Nf6 3. Nc3 g6 4. g3 Bg7 5. Bg2 O-O 6. Nge2 Na6 7. O-O c5 8. h3 cxd4 9. Nxd4 Bd7 10. Be3 Nc5 11. Nb3 Qc7 12. Nxc5 dxc5 13. Qe2 Rad8 14. f4 Bc6 15. e5 Nd5 16. Nxd5 Bxd5 17. Rad1 Bxg2 18. Kxg2 f6 19. Qc4+ Kh8 20. Qxc5 Rc8 21. Qxc7 Rxc7 22. c3 fxe5 23. fxe5 Rxf1 24. Rxf1 a6 25. Bd4 Kg8 26. e6 Bxd4 27. cxd4 Rc6 28. d5 Rd6 29. Rd1 Kf8 30. Kf3 Rb6 31. b3 Ke8 32. Ke4 Rb4+ 33. Ke5 Rb5 34. Rc1 Kd8 35. Rf1 Ke8 36. Rc1 Kd8 37. Rf1 Ke8 38. Rf7 h5 39. Rg7 Kf8 40. Rf7+ Ke8 41. Rh7 Kf8 42. Rh8+ Kg7 43. Re8 Ra5 44. Rxe7+ Kf8 45. Rf7+ Ke8 46. a4 b5 47. Kf6 bxa4 48. Rh7 Kd8 49. e7+ Kd7 50. Rh8 Rxd5 51. e8=Q+ Kc7 52. Rh7+ Kb6 53. Qe6+ Kc5 54. Rc7+ Kd4 55. Rc4+ Kd3 56. Qe4+ Kd2 57. Rc2+ Kd1 58. Qe2# 1-0

[Event "UK Blitz Championship"]
[Site "Leamington"]
[Date "2025.11.22"]
[Round "15.7"]
[White "Gormally, Daniel W"]
[Black "Ganti, Shriaansh"]
[Result "1-0"]
[WhiteElo "2485"]
[BlackElo "2126"]
[PlyCount "69"]
[EventDate "2025.11.22"]
[EventType "tourn (blitz)"]
[EventRounds "15"]
[EventCountry "GBR"]
[SourceTitle "BritBase"]
[Source "John Saunders"]
[SourceDate "2025.11.23"]
[SourceVersion "1"]
[SourceVersionDate "2025.11.23"]
[SourceQuality "1"]

1. e4 c5 2. Nc3 e6 3. Nf3 Nf6 4. g3 d5 5. exd5 exd5 6. d4 Nc6 7. Bg2 Bg4 8. Be3 cxd4 9. Bxd4 Bb4 10. O-O Bxc3 11. Bxc3 O-O 12. h3 Bxf3 13. Bxf3 Ne4 14. Bxe4 dxe4 15. Qg4 Nd4 16. Qxe4 Ne6 17. Rad1 Qb6 18. Qg4 Rad8 19. Rfe1 Rxd1 20. Rxd1 f6 21. Qc4 Kh8 22. Rd7 Ng5 23. Qg4 Qc6 24. Rd3 Re8 25. h4 Nf7 26. Qd7 Ne5 27. Bxe5 fxe5 28. Qxc6 bxc6 29. Rd7 a5 30. Rc7 h6 31. Rxc6 e4 32. Rc5 e3 33. fxe3 Rxe3 34. Kf2 Re6 35. Rxa5 1-0

[Event "UK Blitz Championship"]
[Site "Leamington"]
[Date "2025.11.22"]
[Round "15.8"]
[White "Czopor, Maciej"]
[Black "Waldhausen Gordon, Frederick"]
[Result "0-1"]
[WhiteElo "2377"]
[BlackElo "2406"]
[PlyCount "71"]
[EventDate "2025.11.22"]
[EventType "tourn (blitz)"]
[EventRounds "15"]
[EventCountry "GBR"]
[SourceTitle "BritBase"]
[Source "John Saunders"]
[SourceDate "2025.11.23"]
[SourceVersion "1"]
[SourceVersionDate "2025.11.23"]
[SourceQuality "1"]

1. e4 e5 2. Nc3 Nc6 3. Bc4 Nf6 4. d3 Bc5 5. h3 d6 6. Nge2 Na5 7. O-O Nxc4 8. dxc4 Be6 9. b3 Nd7 10. Ng3 Qh4 11. Qf3 O-O 12. Be3 Bxe3 13. Qxe3 a6 14. Rad1 g6 15. Kh2 Kg7 16. f4 exf4 17. Rxf4 Qh6 18. Rdf1 Ne5 19. Kg1 b6 20. Nce2 Rae8 21. Nd4 Kg8 22. Qf2 Qg7 23. Rf6 Nd7 24. Rf4 Qe5 25. Qe3 a5 26. Nf3 Qg7 27. Qf2 Ne5 28. Nxe5 Qxe5 29. Kh2 Kg7 30. a4 f6 31. Qd2 Bd7 32. Rh4 g5 33. Rh5 Kg6 34. Qf2 Bc6 35. Kg1 Bxe4 36. Re1 0-1

[Event "UK Women's Blitz Championship"]
[Site "Leamington"]
[Date "2025.11.22"]
[Round "1.1"]
[White "Sivanandan, Bodhana"]
[Black "Orlovska, Madara"]
[Result "1-0"]
[WhiteElo "2291"]
[BlackElo "2052"]
[PlyCount "105"]
[EventDate "2025.11.22"]
[EventType "tourn (blitz)"]
[EventRounds "15"]
[EventCountry "GBR"]
[SourceTitle "BritBase"]
[Source "John Saunders"]
[SourceDate "2025.11.23"]
[SourceVersion "1"]
[SourceVersionDate "2025.11.23"]
[SourceQuality "1"]

1. e4 e5 2. Nf3 Nc6 3. Nc3 Nf6 4. d4 exd4 5. Nxd4 Bb4 6. Nxc6 bxc6 7. Bd3 d5 8. exd5 O-O 9. O-O cxd5 10. h3 c6 11. Qf3 Re8 12. Bf4 Bd6 13. Rfe1 Be6 14. Ne2 Qb8 15. b3 Bd7 16. Bxd6 Qxd6 17. Ng3 g6 18. Rad1 a5 19. c4 Rxe1+ 20. Rxe1 Kg7 21. cxd5 cxd5 22. Qe3 Re8 23. Qd2 Rxe1+ 24. Qxe1 Qc7 25. Qd2 Be6 26. Ne2 Qc5 27. Qf4 Qa3 28. Qd2 Qc5 29. Qc2 Qb4 30. Qc3 Qa3 31. Bb1 Qb4 32. Qxb4 axb4 33. Nd4 Bd7 34. Bd3 Nh5 35. Nc2 Nf4 36. Bf1 Bf5 37. Nxb4 Bb1 38. g3 Ne6 39. Bd3 Bxd3 40. Nxd3 Kf6 41. f4 Ke7 42. Kf2 Kd6 43. Ke3 Nc7 44. a4 Na6 45. b4 Nc7 46. Kd4 Ne6+ 47. Kc3 f6 48. b5 g5 49. fxg5 fxg5 50. a5 h5 51. b6 Kc6 52. Ne5+ Kb5 53. b7 1-0

[Event "UK Women's Blitz Championship"]
[Site "Leamington"]
[Date "2025.11.22"]
[Round "1.2"]
[White "Yuan, Alice"]
[Black "Hng, Mei-Xian Eunice"]
[Result "0-1"]
[WhiteElo "1586"]
[BlackElo "2000"]
[PlyCount "54"]
[EventDate "2025.11.22"]
[EventType "tourn (blitz)"]
[EventRounds "15"]
[EventCountry "GBR"]
[SourceTitle "BritBase"]
[Source "John Saunders"]
[SourceDate "2025.11.23"]
[SourceVersion "1"]
[SourceVersionDate "2025.11.23"]
[SourceQuality "1"]

1. d4 Nf6 2. Bf4 e6 3. Nf3 c5 4. e3 Be7 5. Nbd2 Nc6 6. c3 Nh5 7. Bg3 O-O 8. Bd3 b6 9. O-O Nxg3 10. hxg3 Bb7 11. Re1 cxd4 12. cxd4 Nb4 13. Be2 Rc8 14. Rc1 Nxa2 15. Ra1 Nb4 16. Rxa7 Rc7 17. Ra4 Bc6 18. Ra1 Bxf3 19. Nxf3 Nc2 20. Rc1 Nxe1 21. Qxe1 Qc8 22. Rxc7 Qxc7 23. Ne5 f6 24. Nf3 Rc8 25. Kh2 Qc1 26. Qxc1 Rxc1 27. Bb5 d5 0-1

[Event "UK Women's Blitz Championship"]
[Site "Leamington"]
[Date "2025.11.22"]
[Round "1.3"]
[White "Bahtiyorova, Nodirabegim"]
[Black "Mirzoeva, Elmira"]
[Result "0-1"]
[WhiteElo "1817"]
[BlackElo "2122"]
[PlyCount "64"]
[EventDate "2025.11.22"]
[EventType "tourn (blitz)"]
[EventRounds "15"]
[EventCountry "GBR"]
[SourceTitle "BritBase"]
[Source "John Saunders"]
[SourceDate "2025.11.23"]
[SourceVersion "1"]
[SourceVersionDate "2025.11.23"]
[SourceQuality "1"]

1. e4 c6 2. d4 d5 3. Nc3 dxe4 4. Nxe4 Bf5 5. Ng3 Bg6 6. c3 e6 7. Nf3 Nf6 8. Bd3 Bxd3 9. Qxd3 Be7 10. O-O O-O 11. Be3 c5 12. Qc2 Nd5 13. Rad1 c4 14. Ne5 Qc7 15. Rfe1 b5 16. a3 Nc6 17. Nxc6 Qxc6 18. Rc1 a5 19. Ra1 b4 20. axb4 axb4 21. cxb4 Nxb4 22. Qc3 Nd3 23. Red1 Qb5 24. Rxa8 Rxa8 25. Ne4 Nxb2 26. Rb1 Qb3 27. Qxb3 cxb3 28. Nd2 Na4 29. Nxb3 Rb8 30. Nd2 Rc8 31. Kf1 Nc3 32. Rb7 Nd5 0-1

[Event "UK Women's Blitz Championship"]
[Site "Leamington"]
[Date "2025.11.22"]
[Round "1.4"]
[White "Rida, Ruqayyah"]
[Black "Varney, Zoe"]
[Result "1-0"]
[WhiteElo "2072"]
[BlackElo "1931"]
[PlyCount "79"]
[EventDate "2025.11.22"]
[EventType "tourn (blitz)"]
[EventRounds "15"]
[EventCountry "GBR"]
[SourceTitle "BritBase"]
[Source "John Saunders"]
[SourceDate "2025.11.23"]
[SourceVersion "1"]
[SourceVersionDate "2025.11.23"]
[SourceQuality "1"]

1. e4 e5 2. Nf3 Nc6 3. Bc4 Nf6 4. d3 Bc5 5. c3 a6 6. Bb3 Ba7 7. O-O O-O 8. Bc2 d5 9. exd5 Qxd5 10. Re1 Bg4 11. Nbd2 Rfe8 12. h3 Bh5 13. Nc4 Bxf3 14. Qxf3 Qxf3 15. gxf3 Nd5 16. Be3 b5 17. Nd2 Nxe3 18. fxe3 Rad8 19. Rad1 b4 20. d4 bxc3 21. bxc3 exd4 22. cxd4 Ne7 23. Ne4 Nd5 24. Bb3 Kf8 25. Kf2 f5 26. Ng3 f4 27. exf4 Nxf4 28. Ne4 Bxd4+ 29. Kg3 Nh5+ 30. Kg2 Nf4+ 31. Kh2 Be5 32. Rxd8 Rxd8 33. Kh1 Nd3 34. Re2 Nf4 35. Rc2 Rd1+ 36. Kh2 Ne2+ 37. Kg2 Nd4 38. Rc5 Bf4 39. Rd5 Ra1 40. Rxd4 1-0

[Event "UK Women's Blitz Championship"]
[Site "Leamington"]
[Date "2025.11.22"]
[Round "1.5"]
[White "Hryshchenko, Kamila"]
[Black "Barwick, Carmel J"]
[Result "1-0"]
[WhiteElo "2062"]
[BlackElo "1831"]
[PlyCount "134"]
[EventDate "2025.11.22"]
[EventType "tourn (blitz)"]
[EventRounds "15"]
[EventCountry "GBR"]
[SourceTitle "BritBase"]
[Source "John Saunders"]
[SourceDate "2025.11.23"]
[SourceVersion "1"]
[SourceVersionDate "2025.11.23"]
[SourceQuality "1"]

1. e4 c5 2. Nc3 e6 3. Bc4 a6 4. a4 Nc6 5. d3 Nf6 6. f4 d5 7. e5 Ng8 8. Ba2 Nge7 9. Nf3 Nf5 10. Ne2 Be7 11. c3 Qb6 12. O-O O-O 13. Kh1 d4 14. Qe1 Qd8 15. Bb1 b6 16. Bc2 Bb7 17. Bd2 b5 18. Qf2 dxc3 19. bxc3 b4 20. Rfb1 Rb8 21. Ng3 Nh6 22. Ne4 a5 23. h3 Ba6 24. c4 Bb7 25. Be3 Rc8 26. Bxc5 Bxc5 27. Nxc5 Qe7 28. Nxb7 Qxb7 29. d4 Rfd8 30. Be4 Qd7 31. d5 exd5 32. cxd5 Ne7 33. d6 Nc6 34. Ng5 f6 35. exf6 gxf6 36. Nxh7 Qg7 37. Qh4 f5 38. Bd5+ Kh8 39. Ng5 Rf8 40. Rc1 Nd4 41. Rab1 Rce8 42. Re1 Ne2 43. Qf2 Nc3 44. Bb3 Ne4 45. Nxe4 fxe4 46. Qh4 Kh7 47. Bc2 Kh8 48. Rxe4 Rxe4 49. Bxe4 Qf6 50. Qxf6+ Rxf6 51. d7 Rd6 52. Bc6 Nf7 53. Bb5 Kg7 54. Kg1 Kf6 55. Kf2 Ke7 56. Re1+ Kf6 57. g4 Rd2+ 58. Ke3 Rd6 59. g5+ Ke7 60. Kf3+ Kd8 61. Re8+ Kc7 62. Rc8+ Kb7 63. Rc1 Nd8 64. f5 Kb6 65. g6 Rf6 66. Ke4 Nb7 67. g7 Nd6+ 1-0

[Event "UK Women's Blitz Championship"]
[Site "Leamington"]
[Date "2025.11.22"]
[Round "1.7"]
[White "Tamilselvan, Tara"]
[Black "Dicen, Elis Denele"]
[Result "1-0"]
[WhiteElo "1887"]
[BlackElo "2076"]
[PlyCount "107"]
[EventDate "2025.11.22"]
[EventType "tourn (blitz)"]
[EventRounds "15"]
[EventCountry "GBR"]
[SourceTitle "BritBase"]
[Source "John Saunders"]
[SourceDate "2025.11.23"]
[SourceVersion "1"]
[SourceVersionDate "2025.11.23"]
[SourceQuality "1"]

1. Nf3 Nf6 2. d4 g6 3. c4 Bg7 4. Nc3 O-O 5. e4 d6 6. h3 c5 7. Be3 cxd4 8. Nxd4 Nc6 9. Be2 Bd7 10. O-O Nxd4 11. Bxd4 Bc6 12. Bd3 Qc7 13. Qd2 a6 14. Nd5 Bxd5 15. cxd5 Rac8 16. Rac1 Qd7 17. Be3 b5 18. a3 Qb7 19. Bh6 Nd7 20. Bxg7 Kxg7 21. Qe3 Nc5 22. b4 Nxd3 23. Qxd3 f6 24. f4 Rc7 25. Rxc7 Qxc7 26. Kh2 Rc8 27. Rf2 Qc3 28. Rf3 Qe1 29. Qe3 Qxe3 30. Rxe3 Rc4 31. Kg3 Kf7 32. Kf3 e6 33. dxe6+ Kxe6 34. g4 Rc1 35. f5+ Ke7 36. Kg3 Kd7 37. h4 Rg1+ 38. Kh3 Rf1 39. fxg6 hxg6 40. h5 gxh5 41. gxh5 Ke6 42. Kg4 Rg1+ 43. Kh4 Rg7 44. h6 Rh7 45. Kh5 f5 46. Kg6 Rh8 47. exf5+ Kd5 48. f6 Rg8+ 49. Kh7 Rf8 50. Kg7 Rc8 51. f7 Kd4 52. Re1 Rc7 53. h7 d5 54. h8=Q 1-0

[Event "UK Women's Blitz Championship"]
[Site "Leamington"]
[Date "2025.11.22"]
[Round "1.8"]
[White "Pyun, Lindsay"]
[Black "Karas, Eugenia"]
[Result "0-1"]
[WhiteElo "1796"]
[BlackElo "2019"]
[PlyCount "38"]
[EventDate "2025.11.22"]
[EventType "tourn (blitz)"]
[EventRounds "15"]
[EventCountry "GBR"]
[SourceTitle "BritBase"]
[Source "John Saunders"]
[SourceDate "2025.11.23"]
[SourceVersion "1"]
[SourceVersionDate "2025.11.23"]
[SourceQuality "1"]

1. e4 c5 2. Nc3 d6 3. f4 g6 4. Nf3 Bg7 5. Bb5+ Bd7 6. Bxd7+ Qxd7 7. d3 Nc6 8. O-O e6 9. Qe1 Nge7 10. Qg3 d5 11. Bd2 O-O-O 12. a3 Nd4 13. Rac1 dxe4 14. Nxe4 Ne2+ 15. Kh1 Nxg3+ 16. hxg3 Qc6 17. Be3 Nf5 18. Bxc5 Nxg3+ 19. Nxg3 Qxc5 0-1

[Event "UK Women's Blitz Championship"]
[Site "Leamington"]
[Date "2025.11.22"]
[Round "2.1"]
[White "Orlovska, Madara"]
[Black "Karas, Eugenia"]
[Result "1-0"]
[WhiteElo "2052"]
[BlackElo "2019"]
[PlyCount "101"]
[EventDate "2025.11.22"]
[EventType "tourn (blitz)"]
[EventRounds "15"]
[EventCountry "GBR"]
[SourceTitle "BritBase"]
[Source "John Saunders"]
[SourceDate "2025.11.23"]
[SourceVersion "1"]
[SourceVersionDate "2025.11.23"]
[SourceQuality "1"]

1. d4 Nf6 2. Bf4 b6 3. Nc3 Bb7 4. f3 d5 5. e3 e6 6. a3 Bd6 7. Bg5 h6 8. Bh4 Nbd7 9. Nb5 a6 10. Nxd6+ cxd6 11. Bg3 e5 12. Bd3 Qe7 13. Ne2 e4 14. fxe4 dxe4 15. Bc4 d5 16. Bb3 O-O 17. O-O Ng4 18. Qd2 Ngf6 19. Rf5 g6 20. Rff1 Nh5 21. Bf2 f5 22. Ng3 Nxg3 23. Bxg3 Kh7 24. Qf2 Nf6 25. Bh4 Qe6 26. Rac1 Ng4 27. Qe2 g5 28. Bg3 a5 29. Rfe1 a4 30. Ba2 Ba6 31. Qd2 Rac8 32. h3 Nf6 33. Qb4 Qc6 34. Qe7+ Kg8 35. Be5 Rf7 36. Qb4 Bc4 37. b3 Ba6 38. c4 Nd7 39. cxd5 Qxc1 40. Rxc1 Rxc1+ 41. Kh2 Rc2 42. Bb1 Rb2 43. Qe1 Rxb3 44. Bc2 Rxa3 45. Qb1 Rxe3 46. Bxa4 Nxe5 47. dxe5 f4 48. Qxb6 Bf1 49. e6 Re7 50. Qd8+ Kh7 51. Qxe7+ 1-0

[Event "UK Women's Blitz Championship"]
[Site "Leamington"]
[Date "2025.11.22"]
[Round "2.2"]
[White "Dicen, Elis Denele"]
[Black "Pyun, Lindsay"]
[Result "1-0"]
[WhiteElo "2076"]
[BlackElo "1796"]
[PlyCount "54"]
[EventDate "2025.11.22"]
[EventType "tourn (blitz)"]
[EventRounds "15"]
[EventCountry "GBR"]
[SourceTitle "BritBase"]
[Source "John Saunders"]
[SourceDate "2025.11.23"]
[SourceVersion "1"]
[SourceVersionDate "2025.11.23"]
[SourceQuality "1"]

1. Nf3 d5 2. g3 c6 3. Bg2 Nf6 4. O-O Bg4 5. d3 e6 6. c4 Bd6 7. cxd5 exd5 8. Nc3 O-O 9. e4 dxe4 10. dxe4 Qc7 11. Qc2 Re8 12. Be3 Nbd7 13. Nd2 Be6 14. h3 Rac8 15. Rac1 Nb6 16. f4 Bb4 17. a3 Bxc3 18. Qxc3 Red8 19. Rf2 Na4 20. Qc2 Nb6 21. f5 Bd7 22. Bf4 Nbd5 23. Bxc7 Nxc7 24. g4 Re8 25. Nc4 Rb8 26. Nd6 Re7 27. g5 Nh5 1-0

[Event "UK Women's Blitz Championship"]
[Site "Leamington"]
[Date "2025.11.22"]
[Round "2.3"]
[White "Hariharan, Shambavi"]
[Black "Tamilselvan, Tara"]
[Result "1-0"]
[WhiteElo "1978"]
[BlackElo "1887"]
[PlyCount "103"]
[EventDate "2025.11.22"]
[EventType "tourn (blitz)"]
[EventRounds "15"]
[EventCountry "GBR"]
[SourceTitle "BritBase"]
[Source "John Saunders"]
[SourceDate "2025.11.23"]
[SourceVersion "1"]
[SourceVersionDate "2025.11.23"]
[SourceQuality "1"]

1. d4 Nf6 2. c4 g6 3. Nc3 d5 4. Nf3 Bg7 5. Qb3 dxc4 6. Qxc4 O-O 7. e4 c6 8. Be2 Be6 9. Qd3 Nbd7 10. Ng5 Qc7 11. Nxe6 fxe6 12. O-O e5 13. d5 Nc5 14. Qc4 Qd6 15. dxc6+ Kh8 16. Rd1 Qxc6 17. Be3 Ne6 18. Qb3 a6 19. Rac1 Rad8 20. Nd5 Qe8 21. Bb6 Rd6 22. Nxf6 Bxf6 23. Be3 Qf7 24. Bc4 Rfd8 25. Rd5 Rxd5 26. Bxd5 Rd6 27. h3 Kg7 28. Bd2 Bg5 29. Bxg5 Rxd5 30. Qxd5 Nxg5 31. Qxe5+ Kh6 32. h4 Ne6 33. Rf1 Nf4 34. Qg5+ Kg7 35. Qe5+ Kh6 36. g3 Ne6 37. f4 Qf6 38. Qxf6 exf6 39. Rc1 Nd4 40. Rc7 Ne2+ 41. Kf2 Nd4 42. Rxb7 Nc6 43. Rb6 Nd4 44. Rxa6 f5 45. exf5 Nxf5 46. b4 Nd4 47. Ra8 Nb5 48. a4 Nc7 49. Rc8 Na6 50. b5 Nb4 51. b6 Na6 52. b7 1-0

[Event "UK Women's Blitz Championship"]
[Site "Leamington"]
[Date "2025.11.22"]
[Round "2.4"]
[White "Barwick, Carmel J"]
[Black "Nguyen, Hong Nhung"]
[Result "0-1"]
[WhiteElo "1831"]
[BlackElo "2190"]
[PlyCount "116"]
[EventDate "2025.11.22"]
[EventType "tourn (blitz)"]
[EventRounds "15"]
[EventCountry "GBR"]
[SourceTitle "BritBase"]
[Source "John Saunders"]
[SourceDate "2025.11.23"]
[SourceVersion "1"]
[SourceVersionDate "2025.11.23"]
[SourceQuality "1"]

1. e4 c5 2. Nf3 e6 3. d4 cxd4 4. Nxd4 Nf6 5. Nc3 Nc6 6. Be2 Bb4 7. O-O Bxc3 8. bxc3 Nxe4 9. Nxc6 dxc6 10. Qd4 Qxd4 11. cxd4 O-O 12. Bf3 Nc3 13. Bb2 Nd5 14. Rfe1 Rd8 15. Rab1 b5 16. Ba3 Bd7 17. Bc5 Nb6 18. Be4 Na4 19. Bb4 a5 20. Bd2 Be8 21. Bg5 Rxd4 22. Bf3 h6 23. Be3 Rdd8 24. h4 Nc3 25. Rb3 Nd5 26. Bc1 Nb4 27. Bg4 Nxc2 28. Rf1 Nd4 29. Rg3 f5 30. Bd1 Kh7 31. Bb2 c5 32. Re1 Bf7 33. Bc1 b4 34. Bf4 g6 35. Be5 a4 36. h5 g5 37. f4 g4 38. Be2 Nxe2+ 39. Rxe2 c4 40. Rge3 b3 41. Bf6 Rd1+ 42. Kh2 Rd7 43. Rc3 Rc7 44. Be5 Rc6 45. Bf6 Bxh5 46. Re5 Bf7 47. Rb5 bxa2 48. Rc1 Kg6 49. Be5 Rd8 50. Ra1 Rd2 51. Rb4 c3 52. Rxa4 c2 53. Rc1 Be8 54. Rxa2 Rc5 55. Ra7 Bd7 56. Ra8 Kf7 57. Raa1 h5 58. Ra7 Rc4 0-1

[Event "UK Women's Blitz Championship"]
[Site "Leamington"]
[Date "2025.11.22"]
[Round "2.5"]
[White "Varney, Zoe"]
[Black "Hryshchenko, Kamila"]
[Result "0-1"]
[WhiteElo "1931"]
[BlackElo "2062"]
[PlyCount "112"]
[EventDate "2025.11.22"]
[EventType "tourn (blitz)"]
[EventRounds "15"]
[EventCountry "GBR"]
[SourceTitle "BritBase"]
[Source "John Saunders"]
[SourceDate "2025.11.23"]
[SourceVersion "1"]
[SourceVersionDate "2025.11.23"]
[SourceQuality "1"]

1. e4 d6 2. d4 g6 3. Nc3 Bg7 4. Be3 c6 5. Qd2 h6 6. f4 Nf6 7. Nf3 b5 8. e5 b4 9. exf6 bxc3 10. Qxc3 Bxf6 11. Bd3 Bg7 12. O-O e6 13. Rae1 O-O 14. Qd2 Qc7 15. f5 exf5 16. Bxh6 Nd7 17. Bxg7 Kxg7 18. Qc3 Nf6 19. Qd2 Rh8 20. c4 c5 21. d5 Rb8 22. b3 a5 23. Qg5 Rh5 24. Qg3 a4 25. bxa4 Rb4 26. Nh4 Kh7 27. Be2 Rh6 28. Bd1 Rxc4 29. Nf3 Rg4 30. Qf2 Nxd5 31. h3 Rb4 32. Bb3 c4 33. Bc2 c3 34. Bb3 Nf4 35. Ng5+ Kg7 36. Nxf7 Rxh3 37. Ng5 Rh5 38. Ne6+ Bxe6 39. Bxe6 Nd3 40. Qe3 Nxe1 41. Rxe1 Rbh4 42. Bb3 Rh1+ 43. Kf2 Rxe1 44. Qxe1 Qc5+ 45. Qe3 Qxe3+ 46. Kxe3 Rh8 47. Kd3 Rc8 48. Bc2 Kf6 49. a5 Ra8 50. Kxc3 Rxa5 51. Bb3 Ke5 52. a4 g5 53. Bc2 f4 54. Kd3 g4 55. Ke2 Kd4 56. Bf5 Rxf5 0-1

[Event "UK Women's Blitz Championship"]
[Site "Leamington"]
[Date "2025.11.22"]
[Round "2.6"]
[White "Mirzoeva, Elmira"]
[Black "Rida, Ruqayyah"]
[Result "1-0"]
[WhiteElo "2122"]
[BlackElo "2072"]
[PlyCount "77"]
[EventDate "2025.11.22"]
[EventType "tourn (blitz)"]
[EventRounds "15"]
[EventCountry "GBR"]
[SourceTitle "BritBase"]
[Source "John Saunders"]
[SourceDate "2025.11.23"]
[SourceVersion "1"]
[SourceVersionDate "2025.11.23"]
[SourceQuality "1"]

1. Nf3 Nf6 2. b3 g6 3. Bb2 Bg7 4. g3 O-O 5. Bg2 c5 6. O-O Nc6 7. d4 d6 8. d5 Nb8 9. c4 e6 10. Nc3 exd5 11. cxd5 Re8 12. Nd2 Nbd7 13. e4 Rb8 14. a4 b6 15. Nb5 Ne5 16. Nxa7 Qc7 17. Nb5 Qd7 18. f4 Nd3 19. Bc3 Ba6 20. Nc4 Bxb5 21. axb5 Nb4 22. Re1 Red8 23. Nxd6 Nfxd5 24. Bxg7 Kxg7 25. e5 Nc7 26. Ra7 Ra8 27. Bxa8 Rxa8 28. Rxa8 Nxa8 29. Qa1 Qd8 30. Qa7 Nc7 31. Qxc7 Qxc7 32. Ne8+ Kf8 33. Nxc7 Ke7 34. Rd1 Nc2 35. Nd5+ Ke8 36. Nxb6 Nd4 37. Rxd4 cxd4 38. Nc4 Kd7 39. Kf2 1-0